| 000 | 00852nam a22002897a 4500 | ||
|---|---|---|---|
| 003 | CHAP | ||
| 005 | 20220329134407.0 | ||
| 008 | 971013s1961 r 00010 d | ||
| 010 | _a19862 | ||
| 011 | _a20834 | ||
| 035 | _a24923 | ||
| 040 | _cCHAP | ||
| 082 |
_a561 _bA52 |
||
| 100 | 0 | 0 |
_aAndrews, Henry N. _95701 |
| 245 | _aStudies in paleobotany | ||
| 260 |
_aNew York : _bWiley, _c1961 |
||
| 300 |
_a487 p. _b: ilus |
||
| 500 | _aIncluye: "A Chapter on palynology, by C.J. Félix". | ||
| 590 |
_aBATCH-UPD _b10 _c20130110 _lUCH01 _h2057 |
||
| 590 |
_aBATCH-UPD _b10 _c20130410 _lUCH01 _h1410 |
||
| 590 |
_aBATCH-UPD _b10 _c20130914 _lUCH01 _h1856 |
||
| 590 |
_aCONVERSION _b10 _c20130109 _lUCH01 _h1312 |
||
| 650 | 1 | 4 |
_aPaleobotánica. _984896 |
| 901 | _aBK | ||
| 942 | _cLIBRO | ||
| 949 |
_a561 A52 _bBC _cLIBRO _d33724000477600 _eLIBRO _h7925 _i24923 _si |
||
| 999 |
_c19862 _d19862 |
||